Regionální multiplikační efekt jako indikátor lokálního rozvoje
Problematika lokálnych multiplikátorov, ktorá sa zameriava na jeho teoretickú podstatu. Využiteľnosť multiplikátora v regionálnej politike. Príklady, poznatky a návrhy na využitie multiplikačného efektu v regionálnej politike.
Salvato in:
| Autore principale: | |
|---|---|
| Natura: | Capitolo di libro |
| Lingua: | ceco |
| Soggetti: | |
| Tags: |
Nessun Tag, puoi essere il primo ad aggiungerne!!
|
MARC
| LEADER | 00000naa$a2200000$$$4500 | ||
|---|---|---|---|
| 001 | 0176598 | ||
| 005 | 20231207102301.1 | ||
| 041 | 0 | |a cze | |
| 044 | |a CZ | ||
| 245 | 1 | 0 | |a Regionální multiplikační efekt jako indikátor lokálního rozvoje |c Jaroslav Macháček ... [et al.] |
| 520 | |a Problematika lokálnych multiplikátorov, ktorá sa zameriava na jeho teoretickú podstatu. Využiteľnosť multiplikátora v regionálnej politike. Príklady, poznatky a návrhy na využitie multiplikačného efektu v regionálnej politike. | ||
| 610 | 2 | 0 | |a metódy ekonomicko-matematické |
| 610 | 2 | 0 | |a modelovanie matematické |
| 610 | 2 | 0 | |a ekonómia matematická |
| 610 | 2 | 0 | |a multiplikátor |
| 610 | 2 | 0 | |a politika regionálna |
| 100 | 1 | |a Macháček, Jaroslav | |